000 00290nam a22001337a 4500
008 181022b xxu||||| |||| 00| 0 eng d
020 _a007000300
041 _aeng
080 _a616.8
100 _a7
101 _aNEU
245 _aPrinciples of Neurology
_cAdams, R.D
942 _2udc
_cBK
999 _c50467
_d50467